Leadership: Perspectives from Practice (Record no. 46580)

MARC details
000 -LEADER
fixed length control field 00439nam a22001697a 4500
005 - DATE AND TIME OF LATEST TRANSACTION
control field 20260514104014.0
008 - FIXED-LENGTH DATA ELEMENTS--GENERAL INFORMATION
fixed length control field 260514b |||||||| |||| 00| 0 eng d
020 ## - INTERNATIONAL STANDARD BOOK NUMBER
International Standard Book Number 9781529793420
041 ## - LANGUAGE CODE
Language code of text/sound track or separate title Eng
082 ## - DEWEY DECIMAL CLASSIFICATION NUMBER
Classification number 658.4092 GAL
100 ## - MAIN ENTRY--PERSONAL NAME
Author Galloway, Laura
245 ## - TITLE STATEMENT
Title Leadership: Perspectives from Practice
260 ## - PUBLICATION, DISTRIBUTION, ETC.
Place Los Angels
Publisher SAGE Publications Ltd
Publication Year 2022
300 ## - PHYSICAL DESCRIPTION
Extent 188;. P. 24 cm
650 ## - SUBJECT ADDED ENTRY--TOPICAL TERM
Subject Leadership
942 ## - ADDED ENTRY ELEMENTS (KOHA)
Koha item type Books
Holdings
Withdrawn status Lost status Source of classification or shelving scheme Damaged status Not for loan Home library Current library Shelving location Accession Date Vendor Price Bill number Total Checkouts Full call number Barcode No Date last seen Discount Cost, replacement price Bill Date Koha item type Suggested By
    Dewey Decimal Classification     IMTN IMTN Rack 29-B 05/14/2026 Raghav Books Private Limited 6086.14 2630   658.4092 GAL 34047 05/14/2026 33 4077.71 04/30/2026 Books Recommended by Dr. Gajavelli V S
Designed & Maintained by: LRC IMT Nagpur Contact: lrc@imtnag.ac.in© 2024. All Rights Reserved.